Movies Quiz

Random Movies Quiz

Opening Scenes Quiz Stats

 Plays Quiz Updated May 31, 2018

Also try: Parting Shots
Challenge
Share
Tweet
Score 0/18 Timer 04:00
0 Plays Today
# Movie % Correct
2The Sound of Music
93.9%
14Star Wars Episode Four: A New Hope
74.4%
5Caddyshack
69.7%
18The Wizard of Oz
68.2%
3The Incredibles
66.3%
4Star Trek
56%
9The Rocky Horror Picture Show
53.8%
13The Princess Bride
50.9%
1Young Frankenstein
41.8%
# Movie % Correct
8Steel Magnolias
25.8%
6The Three Musketeers
22.6%
11Chicken Run
21.8%
17Willy Wonka & the Chocolate Factory
21.8%
15Terminator 2: Judgment Day
18.8%
7Mad Max
12.5%
16James and the Giant Peach
10.3%
10Mr. Smith Goes to Washington
4.7%
12Guys and Dolls
3.6%

You're not logged in!

Compare scores with friends on all Sporcle quizzes.
OR
Log In

You Might Also Like...

Show Comments

Extras

Top Quizzes Today


Score Distribution

Your Account Isn't Verified!

In order to create a playlist on Sporcle, you need to verify the email address you used during registration. Go to your Sporcle Settings to finish the process.

Report this User

Report this user for behavior that violates our Community Guidelines.

Details: